| 000 | 00696cab a22001935a 4500 | ||
|---|---|---|---|
| 001 | L157492 | ||
| 008 | 121219e2012 xxk 000 0 eng d | ||
| 035 | _a(Sirsi) u157492 | ||
| 041 | 0 | _aeng | |
| 100 | 1 | _aThomas, Alan | |
| 245 | 0 | 0 | _aDeal or no deal? |
| 260 | _c2012 | ||
| 490 |
_aRICS Building Control _vDecember-January 2012, 18-19(2) |
||
| 520 | _aAn exploration of the Green Deal and the opportunities it presents for assessors and installers. | ||
| 651 | 4 |
_aUnited Kingdom _y |
|
| 690 |
_aEnvironment _96238 |
||
| 856 | 4 | 0 |
_uhttps://www.rics.org/RICSservices/RICSjournalsandmagazines/RICSBuildingControlJournal/ _zView the journal free of charge at www.rics.org/journals... |
| 942 | _n0 | ||
| 999 |
_c84404 _d84404 |
||